Metoda balanced scorecard v souvislostech implementace a úspěšná realizace v řízení podniku
Uložené v:
| Hlavný autor: | |
|---|---|
| Médium: | Kniha |
| Jazyk: | Czech |
| Vydavateľské údaje: |
Praha
Profess Consulting
2004
|
| Edícia: | Poradce controllingu
|
| Predmet: | |
| Tagy: |
Žiadne tagy, Buďte prvý, kto otaguje tento záznam!
|
MARC
| LEADER | 00000nam$a2200000$$$4500 | ||
|---|---|---|---|
| 001 | 0023136 | ||
| 005 | 20240313133200.8 | ||
| 020 | |a 80-7259-005-7 | ||
| 041 | 0 | |a cze | |
| 044 | |a CZ | ||
| 245 | 1 | 0 | |a Metoda balanced scorecard v souvislostech |b implementace a úspěšná realizace v řízení podniku |c Jiří Vysušil |
| 264 | 1 | |a Praha |b Profess Consulting |c 2004 | |
| 300 | |a 120 s. | ||
| 490 | 1 | |a Poradce controllingu | |
| 830 | 0 | |a Poradce controllingu | |
| 610 | 2 | 0 | |a hospodárstvo podnikové |
| 610 | 2 | 0 | |a metóda BSC |
| 610 | 2 | 0 | |a riadenie podnikové |
| 610 | 2 | 0 | |a účtovníctvo manažérske |
| 610 | 2 | 0 | |a kontroling |
| 610 | 2 | 0 | |a metódy kontroly |
| 610 | 2 | 0 | |a metódy organizácie |
| 610 | 2 | 0 | |a riadenie strategické |
| 610 | 2 | 0 | |a analýza finančná |
| 610 | 2 | 0 | |a zamestnanci |
| 610 | 2 | 0 | |a zákazníci |
| 610 | 2 | 0 | |a riadenie |
| 610 | 2 | 0 | |a riziko |
| 100 | 1 | |a Vysušil, Jiří | |